3 Language Threesomes Quiz Stats

 Plays Quiz Updated Dec 29, 2018

Score 0/9 Timer 01:30
3 Plays Today
Hint Answer % Correct
Official Languages of BelgiumFrench
97.2%
Official Languages of BelgiumGerman
89.7%
Present Tense Forms of 'to be'is
88%
Present Tense Forms of 'to be'are
87.5%
Official Languages of BelgiumDutch
85.5%
Present Tense Forms of 'to be'am
84.3%
Moods in the English LanguageSubjunctive
23.1%
Moods in the English LanguageIndicative
17.1%
Moods in the English LanguageImperative
16.8%

You're not logged in!

Compare scores with friends on all Sporcle quizzes.
OR
Log In

Show Comments

Extras

Top Quizzes Today


Score Distribution

Your Account Isn't Verified!

In order to create a playlist on Sporcle, you need to verify the email address you used during registration. Go to your Sporcle Settings to finish the process.

Report this User

Report this user for behavior that violates our Community Guidelines.

Details: